| 000 | 00555nam a22001817a 4500 | ||
|---|---|---|---|
| 999 |
_c22606 _d22606 |
||
| 003 | BDDh-ASL | ||
| 005 | 20231015030139.0 | ||
| 008 | 210301s2000 enk||||| |||| 00| 0 eng d | ||
| 040 | _cBDDh-ASL | ||
| 082 |
_a367.5492 _bHAW |
||
| 100 | 1 |
_93276 _aHashmi, Taj I. |
|
| 245 | 1 | 0 |
_aWomen and Islam in Bangladesh: _bBeyond Subjection and Tyranny / |
| 260 |
_aLondon: _bMacmillan Press Ltd., _c2000. |
||
| 300 |
_a254 p.: _c21 cm. |
||
| 504 | _aInclude Bibliographical References and Index | ||
| 650 | 0 |
_91729 _aWomen _xIslam _zBangladesh |
|
| 942 |
_2ddc _cBK |
||